Flexible Muster der Kleinkindbetreuung: Perspektiven der evolutionären Anthropologie

Saved in:  
Bibliographic Details
Main Author: Sommer, Volker 1954- (Author)
Format: Print Article
Language:German
Published: 2025
In: Aus Politik und Zeitgeschichte
Year: 2025, Volume: 75, Issue: 52, Pages: 34-39
Check availability: HBZ Gateway
Keywords:

MARC

LEADER 00000naa a2200000 c 4500
001 1965403808
003 DE-627
005 20260317145245.0
007 tu
008 260317s2025 xx ||||| 00| ||ger c
035 |a (DE-627)1965403808 
035 |a (DE-599)KXP1965403808 
040 |a DE-627  |b ger  |c DE-627  |e rda 
041 |a ger 
084 |a 2,1  |2 ssgn 
100 1 |a Sommer, Volker  |d 1954-  |e VerfasserIn  |0 (DE-588)120383233  |0 (DE-627)080639852  |0 (DE-576)164129626  |4 aut 
109 |a Sommer, Volker 1954- 
245 1 0 |a Flexible Muster der Kleinkindbetreuung  |b Perspektiven der evolutionären Anthropologie  |c Volker Sommer 
264 1 |c 2025 
336 |a Text  |b txt  |2 rdacontent 
337 |a ohne Hilfsmittel zu benutzen  |b n  |2 rdamedia 
338 |a Band  |b nc  |2 rdacarrier 
650 4 |a Psychologie  |7 (dpeaa)DE-21/26-fid2,1 
650 4 |a Kultur  |7 (dpeaa)DE-21/26-fid2,1 
650 4 |a Moral  |7 (dpeaa)DE-21/26-fid2,1 
650 4 |a Mütter  |7 (dpeaa)DE-21/26-fid2,1 
650 4 |a Kind  |7 (dpeaa)DE-21/26-fid2,1 
773 0 8 |i Enthalten in  |t Aus Politik und Zeitgeschichte  |d Bonn : Bundeszentrale für Politische Bildung, 1953  |g 75(2025), 52, Seite 34-39  |w (DE-627)12930347X  |w (DE-600)123630-1  |w (DE-576)014497662  |x 0479-611X  |7 nnas 
773 1 8 |g volume:75  |g year:2025  |g number:52  |g pages:34-39 
951 |a AR 
ELC |b 1 
LOK |0 000 xxxxxcx a22 zn 4500 
LOK |0 001 4937514679 
LOK |0 003 DE-627 
LOK |0 004 1965403808 
LOK |0 005 20260317145245 
LOK |0 008 260317||||||||||||||||ger||||||| 
LOK |0 040   |a DE-2619  |c DE-627  |d DE-2619 
LOK |0 092   |o n 
LOK |0 852   |a DE-2619 
LOK |0 852 1  |9 00 
LOK |0 935   |a ifka 
LOK |0 939   |a 2026-03-17  |b l01 
ORI |a WA-MARC-krimdoka001.raw